Najdalej wysunięte państwa na zachód - Statystyki

Ogólne statystyki
  • Ten quiz został rozwiązany 316 razy
    295 od ostatniego zresetowania
  • Średni wynik to 34 z 42
Statystyki odpowiedzi
lp. Miejsce Państwo % Poprawnych
4 59°N, 141°W Kanada
98%
1 51°N,179°W Stany Zjednoczone
98%
5 32°N,117°W Meksyk
95%
21 37°S,73°W Chile
93%
21 7°S,73°W Brazylia
92%
22 50°S,73°W Argentyna
91%
15 4°S, 81°W Peru
89%
13 21°N,84°W Kuba
88%
16 1°N,79°W Kolumbia
87%
20 9°N, 73°W Wenezuela
87%
7 0°S,91°W Ekwador
86%
25 22°S,62°W Paragwaj
86%
24 14°S,69°W Boliwia
85%
14 8°N, 83°W Panama
85%
36 33°S,58°W Urugwaj
85%
27 5°N,61°W Gujana
84%
11 12°N,89°W Nikaragua
83%
10 15°N,89°W Belize
82%
31 15°N,61°W Dominika
82%
23 18°N,72°W Dominikana
82%
9 14°N,89°W Honduras
82%
17 18°N,78°W Jamajka
81%
12 10°N,85°W Kostaryka
81%
35 4°N,58°W Surinam
81%
6 15°N,92°W Gwatemala
80%
8 13°N,90°W Salwador
80%
19 18°N,74°W Haiti
79%
37 4°N,54°W Francja
77%
18 26°N,78°W Bahamy
76%
38 39°N, 31°W Portugalia
74%
40 28°N,18°W Hiszpania
73%
3 63°N,171°W Rosja
71%
32 10°N,61°W Trynidad i Tobago
71%
34 13°N,59°W Barbados
70%
29 13°N,61°W Saint Lucia
69%
39 64°N, 24°w Islandia
68%
22 76°N,73°W Dania
67%
30 12°N,61°W Saint Vincent i Grenadyny
67%
26 17°N,62°W Saint Kitts i Nevis
65%
28 17°N,61°W Antigua i Barbuda
64%
33 12°N,61°W Grenada
63%
2 4°S,174°W Kiribati
58%
Nie znaleziono quizów pasujących do podanych kryteriów
Rozkład punktacji
Procent ludzi z każdym wynikiem
Percentyl według liczby udzielonych odpowiedzi
Twoja historia wyników
Nie rozwiązałeś tego quizu od ostatniego zresetowania